00770cam a22002297a 4500003000500000005001700005008004100022010001000063011001000073035001000083040000900093100003900102245010800141260004100249300001900290502009300309650002000402650003800422650003300460650003400493650001300527CHAP20220329142100.0990603d1999 mx b r 00110 spa d a78114 a79086 a89238 cCHAP00aCruz Carrada, Andrés Valentín.13aLa pobreza en Santa Catarina Yosonotu (Mixteca Alta Oaxaqueña)c/por Andrés Valentín Cruz Carrada aChapingo, Méx. :bEl autor,c1999. a106 h. : mapas aTesis (Ing. Agr. Esp. en Sociología Rural) -- UACH. Departamento de Sociología Rural14aDesnutrición.14aOaxacaxCondiciones económicas.14aOaxacaxCondiciones rurales.14aOaxacaxCondiciones sociales.14aPobreza.